000 00463nam a22001817a 4500
005 20241115121403.0
008 241115b |||||||| |||| 00| 0 eng d
020 _a9780443101021
050 _aQM26
_bWAU
100 _aWAUGH,ANNE
245 _aANATOMY AND PHYSIOLOGY;
_bIN HEALTH AND ILLNESS
250 _a10TH
260 _aLONDON
_bELSEVIER
_cc2006
300 _aix, 490p
_bill.;
500 _aincludes index
700 _aGRANT, ALLISON
942 _2lcc
_cBK
_n0
999 _c1247
_d1247